| 000 | 00744nam a2200229 a 4500 | ||
|---|---|---|---|
| 008 | |||
| 020 | _a0521573742 (Hardback) | ||
| 020 | _a0521654882 | ||
| 049 | _aMAIN | ||
| 090 | _aGB5014 | ||
| 100 | 1 | _aZebrowski, Ernest. | |
| 245 | 1 | 0 |
_aPerils of a restless planet : _bscientific perspectives on natural disasters / _cErnest Zebrowski, Jr. |
| 260 |
_aCambridge ; _aNew York : _bCambridge University Press, _c1997. |
||
| 300 |
_axi, 306 p. : _bill., maps ; _c24 cm. |
||
| 504 | _aIncludes bibliographical references and index. | ||
| 650 | 0 | _aNatural disasters. | |
| 907 |
_a.b10077236 _b13-06-03 _c13-06-03 |
||
| 003 | |||
| 005 | 20230123133257.0 | ||
| 040 | _cNUST | ||
| 942 |
_cBOOKS _kGB5014 |
||
| 999 |
_c145809 _d145809 |
||